1648 1832 1646 1440 1287 1176 1363 1439 1329 1140 1116 1246 1506 1357 1293 1001 1446 1061 1416 1197 1840 1706 1205 1956 1184 1094 1840 1288 1610 1923 1666 1846 1758 1203 1408 1878 1775 1451 1729 1513 1502 1215 1949 1687 1148 1462 1534 1926 1214 1466 1529 1872 1927 1283 1729 1568 1404 1572 1286 1912 1870 1248 1681 1695 1303 1519 1503 1136 1712 1084 1216 1672 1436 1974 1503 1157 1259 1776 1580 1836 1631 1715 1744 1564 1271 1897 1302 1108 1812 1461 1968 1688 1022 1166 1934 1485 1357 1698 1051 BCNSPRNW ULIB Ver.6.0+V

เปลี่ยนเป็นภาษาไทย

Change to English
 แสดงรายละเอียดบรรณานุกรม
  กลับหน้าหลัก

Brief Record : Get Marc (ISO 2709) : E-mail record : QR code < ปิดหน้าต่าง
LEADER : 00000nam 2200000uu 4500
001    13399114225
003     ULIB
008    120305s2554||||th 000 0 tha d
020    ^a9789741114306 (ล.2)
060 04 ^aWP100^bน263 ล2
100 0  ^aวีรศักดิ์ วงศ์ถิรพร
245 00 ^aนรีเวชวิทยา เล่ม2/^cบรรณาธิการ, วีรศักดิ์ วงศ์ถิรพร ...
246 14 ^aตำรานรีเวชวิทยา
250    ^aฉบับเรียบเรียงครั้งที่ 3 พิมพ์ครั้งที่ 1
260    ^aกรุงเทพฯ :^bภาควิชาสูติศาสตร์-นรีเวชวิทยาู^c2554
300    ^a2 เล่ม :^bภาพประกอบ ;^c31 ชม.
650  7 ^aนรีเวชวิทยา
650  7 ^aอวัยวะสืบพันธุ์หญิง, โรค
653    ^aผลงานอาจารย์คณะแพทยศาสตร์ศิริราชพยาบาล
700 0  ^aวีรศักดิ์ วงศ์ถิรพร,^eบรรณาธิการ
710 2  ^aมหาวิทยาลัยมหิดล. ^bคณะแพทยศาสตร์ศิริราชพยาบาล.
945    ^p400^l0^i18888
945    ^p400^l0^i18889
945    ^p400^l0^i18960
945    ^p400^l0^i18961
945    ^p400^l0^i18962
995    ^aกัณชพร
999 ^a ใช้งานได้ทุกระบบ
รายการนี้ยังไม่มีแท็ก
คุณยังไม่ได้ล็อกอิน คุณสามารถมีกิจกรรมร่วมกับเว็บไซต์ได้ แต่ต้องล็อกอินก่อน ::
  ล็อกอิน

รายการสื่อสารสนเทศ

ลำดับที่ ประเภท เลขเรียก/บาร์โค้ด สถานที่ สถานะ
1. วิทยาศาสตร์การแพทย์ และสุขภาพ
วิทยาศาสตร์การแพทย์ และสุขภาพ
สถานะ=หนังสือเก่า
WP100 น263 ล2 ฉ.1 
  Barcode: 18888
ห้องสมุดวิทยาเขตนครสวรรค์
►ส่วนจัดเก็บหนังสือเก่า นว.
บนชั้น
  ขอยืม
2. วิทยาศาสตร์การแพทย์ และสุขภาพ
วิทยาศาสตร์การแพทย์ และสุขภาพ
สถานะ=หนังสือเก่า
WP100 น263 ล2 ฉ.2 
  Barcode: 18889
ห้องสมุดวิทยาเขตนครสวรรค์
►ส่วนจัดเก็บหนังสือเก่า นว.
บนชั้น
  ขอยืม
3. วิทยาศาสตร์การแพทย์ และสุขภาพ
วิทยาศาสตร์การแพทย์ และสุขภาพ
สถานะ=หนังสือเก่า
WP100 น263 ล2 ฉ.3 
  Barcode: 18960
ห้องสมุดวิทยาเขตนครสวรรค์
►ส่วนจัดเก็บหนังสือเก่า นว.
บนชั้น
  ขอยืม
4. วิทยาศาสตร์การแพทย์ และสุขภาพ
วิทยาศาสตร์การแพทย์ และสุขภาพ
สถานะ=หนังสือเก่า
WP100 น263 ล2 ฉ.4 
  Barcode: 18961
ห้องสมุดวิทยาเขตนครสวรรค์
►ส่วนจัดเก็บหนังสือเก่า นว.
บนชั้น
  ขอยืม
5. วิทยาศาสตร์การแพทย์ และสุขภาพ
วิทยาศาสตร์การแพทย์ และสุขภาพ
สถานะ=หนังสือเก่า
WP100 น263 ล2 ฉ.5 
  Barcode: 18962
ห้องสมุดวิทยาเขตนครสวรรค์
►ส่วนจัดเก็บหนังสือเก่า นว.
บนชั้น
  ขอยืม

รายการใกล้เคียง
    ผู้แต่ง [วีรศักดิ์ วงศ์ถิรพร]

    หัวเรื่อง [นรีเวชวิทยา]
    หัวเรื่อง [อวัยวะสืบพันธุ์หญิง, โรค]

BibComment


ยังไม่เคยถูกคอมเมนท์

คอมเมนท์ทรัพยากรรายการนี้
  คอมเมนท์: นรีเวชวิทยา เล่ม..


 Copyright 2026. Bcnsprnw @Library